[Event "Joao Pessoa Paraibano"]
[Site "Joao Pessoa"]
[Date "2022.08.20"]
[Round "4"]
[White "De Lima, Theo Magalhaes"]
[Black "Picasso Gallego, Nicolas"]
[Result "1-0"]
[WhiteElo "1620"]
[BlackElo "1777"]
[PlyCount "89"]
[EventDate "2022.08.19"]
[EventType "swiss"]
[EventRounds "5"]
[EventCountry "BRA"]
[SourceTitle "EXT 2024"]
[Source "ChessBase"]
[SourceDate "2023.10.10"]
[SourceVersion "1"]
[SourceVersionDate "2023.10.10"]
[SourceQuality "1"]

1. e4 c6 2. d4 d5 3. Nc3 dxe4 4. Nxe4 Bf5 5. Ng3 Bg6 6. h4 h6 7. Nf3 Nd7 8. h5 Bh7 9. Bd3 Bxd3 10. Qxd3 Ngf6 11. Bd2 e6 12. 0-0-0 Bd6 13. Ne4 Nxe4 14. Qxe4 Nf6 15. Qe2 Qc7 16. Ne5 c5 17. Qb5+ Ke7 18. Nc4 a6 19. Qb6 Rac8 20. Qxc7+ Bxc7 21. dxc5 Nd5 22. Ne3 Nf6 23. Bb4 Ke8 24. g4 Bf4 25. Rhg1 Nd7 26. Rd4 Bg5 27. Ba3 Bf6 28. Rb4 Rc7 29. Rc4 Ne5 30. Re4 Nc6 31. Nd5 Rd7 32. Nxf6+ gxf6 33. Rd1 Rxd1+ 34. Kxd1 Rg8 35. Ke2 Rg5 36. b4 f5 37. gxf5 Rxf5 38. Rh4 Kf8 39. Bc1 Kg7 40. Bb2+ e5 41. a4 f6 42. b5 Nb8 43. Bc3 axb5 44. axb5 e4 45. Bd4 1-0

[Event "Recife Arraes Memorial 12th"]
[Site "Recife"]
[Date "2019.08.31"]
[Round "3"]
[White "Picasso Gallego, Nicolas"]
[Black "Souza, Rafael Cabral de"]
[Result "0-1"]
[WhiteElo "1794"]
[BlackElo "2081"]
[PlyCount "60"]
[EventDate "2019.08.30"]
[EventType "swiss"]
[EventRounds "6"]
[EventCountry "BRA"]
[SourceTitle "EXT 2020"]
[Source "ChessBase"]
[SourceDate "2019.10.17"]
[SourceVersion "1"]
[SourceVersionDate "2019.10.17"]
[SourceQuality "1"]

1. d4 Nf6 2. c4 a6 3. Nc3 c5 4. Nf3 cxd4 5. Nxd4 d5 6. e3 e6 7. Be2 dxc4 8. Bxc4 b5 9. Bb3 Bb7 10. 0-0 Bd6 11. h3 Nc6 12. Nxc6 Bxc6 13. Ne2 Ne4 14. Nd4 Bb7 15. Qg4 Qf6 16. Qf3 Qe5 17. g3 Rb8 18. Qf4 Qc5 19. Qg4 h5 20. Qd1 h4 21. g4 Ng5 22. f4 Nxh3+ 23. Kh2 Ng5 24. a4 b4 25. Bd2 Ne4 26. Be1 Rc8 27. Kh3 Bb8 28. a5 e5 29. fxe5 Ng5+ 30. Kh2 Qxe5+ 0-1

[Event "Natal Potiguar op 11th"]
[Site "Natal"]
[Date "2019.06.08"]
[Round "4"]
[White "Urquiza, Marcello de Albuque"]
[Black "Picasso Gallego, Nicolas"]
[Result "1-0"]
[WhiteElo "2049"]
[BlackElo "1795"]
[PlyCount "55"]
[EventDate "2019.06.07"]
[EventType "swiss"]
[EventRounds "6"]
[EventCountry "BRA"]
[SourceTitle "EXT 2020"]
[Source "ChessBase"]
[SourceDate "2019.10.17"]
[SourceVersion "1"]
[SourceVersionDate "2019.10.17"]
[SourceQuality "1"]

1. e4 c6 2. d4 d5 3. Nc3 dxe4 4. Nxe4 Bf5 5. Ng3 Bg6 6. h4 h6 7. Nf3 Nd7 8. h5 Bh7 9. Bd3 Bxd3 10. Qxd3 e6 11. Bd2 Ngf6 12. 0-0-0 Qc7 13. Kb1 Bd6 14. Ne4 Nxe4 15. Qxe4 Nf6 16. Qe2 0-0-0 17. c4 Rhe8 18. Bc3 b6 19. c5 bxc5 20. dxc5 Bxc5 21. Rc1 Rd5 22. Rh4 Kb7 23. Ne5 Rc8 24. Nc4 Bb6 25. a4 a5 26. Rh3 Rcd8 27. Bxf6 gxf6 28. Rb3 1-0

[Event "Recife Akasaka Cup 7th"]
[Site "Recife"]
[Date "2019.04.14"]
[Round "5"]
[White "Picasso Gallego, Nicolas"]
[Black "Gomes, Genildo de Souza"]
[Result "1-0"]
[WhiteElo "1799"]
[BlackElo "1628"]
[PlyCount "119"]
[EventDate "2019.04.12"]
[EventType "swiss"]
[EventRounds "6"]
[EventCountry "BRA"]
[SourceTitle "CBM 189 Extra"]
[Source "ChessBase"]
[SourceDate "2019.05.31"]
[SourceVersion "1"]
[SourceVersionDate "2019.05.31"]
[SourceQuality "1"]

1. d4 e6 2. c4 d5 3. Nc3 Nf6 4. Bg5 Bb4 5. e3 h6 6. Bh4 g5 7. Bg3 Ne4 8. Qc2 h5 9. f3 Nxc3 10. bxc3 Bd6 11. Bd3 Bxg3+ 12. hxg3 Nc6 13. 0-0-0 Qd6 14. g4 Qa3+ 15. Kb1 h4 16. Nh3 Rg8 17. c5 Bd7 18. Ka1 Na5 19. Rb1 Ba4 20. Qb2 Nb3+ 21. Qxb3 Bxb3 22. Rxb3 Qa5 23. Kb1 c6 24. Rxb7 Qd8 25. Kc2 a5 26. a4 Kf8 27. Rhb1 Kg7 28. R1b6 Qf6 29. Nf2 Rgc8 30. Nh3 Qd8 31. e4 Rab8 32. exd5 Rxb7 33. Rxb7 cxd5 34. Bb5 Rc7 35. Rb6 Qe7 36. Kd2 e5 37. Rd6 e4 38. Rxd5 f6 39. Rf5 exf3 40. Rxf3 Qd8 41. Rf5 Qe7 42. Nf2 Rb7 43. c6 Rc7 44. Kd3 Qd6 45. Ne4 Qh2 46. Rf2 h3 47. gxh3 Qxh3+ 48. Kc4 Qxg4 49. Nxf6 Qe6+ 50. d5 Qf7 51. Kd4 Rc8 52. c4 Qc7 53. Ne4 Kg6 54. d6 Qa7+ 55. c5 Qg7+ 56. Rf6+ Qxf6+ 57. Nxf6 Kxf6 58. Kd5 g4 59. c7 g3 60. Bf1 1-0

[Event "Recife Rafael Cabral Cup 6th"]
[Site "Recife"]
[Date "2018.09.29"]
[Round "4"]
[White "Nunes, Marcelo Basilio"]
[Black "Picasso Gallego, Nicolas"]
[Result "0-1"]
[WhiteElo "1931"]
[BlackElo "1782"]
[PlyCount "90"]
[EventDate "2018.09.28"]
[EventType "swiss"]
[EventRounds "6"]
[EventCountry "BRA"]
[SourceTitle "EXT 2020"]
[Source "ChessBase"]
[SourceDate "2019.10.17"]
[SourceVersion "1"]
[SourceVersionDate "2019.10.17"]
[SourceQuality "1"]

1. e4 c6 2. d4 d5 3. e5 Bf5 4. Nf3 e6 5. Be2 c5 6. 0-0 Nc6 7. c3 Qb6 8. dxc5 Bxc5 9. Nbd2 Qc7 10. Nb3 Bb6 11. Bf4 Nge7 12. Re1 0-0 13. Bd3 Bxd3 14. Qxd3 Ng6 15. Bg3 Rfd8 16. Rad1 Rac8 17. Re2 a5 18. h3 a4 19. Nbd4 Nxd4 20. Nxd4 Bxd4 21. cxd4 Qc4 22. b3 axb3 23. axb3 Qxd3 24. Rxd3 Rc1+ 25. Kh2 Rdc8 26. h4 h5 27. f3 Rb1 28. Re1 Rb2 29. Kh3 Rcc2 30. Rg1 b5 31. Kh2 Kh7 32. Kh1 b4 33. Be1 Nf4 34. Re3 Nxg2 35. Rxg2 Rxg2 36. Bxb4 Rh2+ 37. Kg1 Rxh4 38. Bc5 Rhh2 39. b4 Rbc2 40. Re1 Kg6 41. Kf1 Kf5 42. Kg1 Kf4 43. Rf1 Kg3 44. f4 Rhg2+ 45. Kh1 Rh2+ 0-1

[Event "Recife Araujo Cup 5th"]
[Site "Recife"]
[Date "2018.05.04"]
[Round "2"]
[White "Picasso Gallego, Nicolas"]
[Black "De Andrade, Dalson Holanda Cav"]
[Result "0-1"]
[WhiteElo "1812"]
[BlackElo "2015"]
[PlyCount "56"]
[EventDate "2018.05.04"]
[EventType "swiss"]
[EventRounds "6"]
[EventCountry "BRA"]
[SourceTitle "CBM 184 Extra"]
[Source "ChessBase"]
[SourceDate "2018.06.28"]
[SourceVersion "1"]
[SourceVersionDate "2018.06.28"]
[SourceQuality "1"]

1. d4 Nf6 2. c4 e5 3. dxe5 Ng4 4. Bf4 Nc6 5. Nf3 Bb4+ 6. Nbd2 Qe7 7. e3 Ngxe5 8. Nxe5 Nxe5 9. Be2 d6 10. 0-0 0-0 11. a3 Ba5 12. b4 Bb6 13. Rc1 a6 14. Nf3 Ng6 15. Bg3 Bg4 16. h3 Bf5 17. Nd4 Be4 18. Bf3 Rfe8 19. Bxe4 Qxe4 20. Nf3 Ne7 21. Qc2 Nf5 22. Qxe4 Rxe4 23. c5 Nxg3 24. fxg3 dxc5 25. bxc5 Ba7 26. Rc3 Rd8 27. Ng5 Re7 28. Re1 Rd5 0-1

[Event "Recife Arraes Memorial 10th"]
[Site "Recife"]
[Date "2017.10.08"]
[Round "6"]
[White "Nunes, Marcelo Basilio"]
[Black "Picasso Gallego, Nicolas"]
[Result "1-0"]
[WhiteElo "1968"]
[BlackElo "1822"]
[PlyCount "77"]
[EventDate "2017.10.06"]
[EventType "swiss"]
[EventRounds "6"]
[EventCountry "BRA"]
[SourceTitle "CBM 181 Extra"]
[Source "ChessBase"]
[SourceDate "2017.12.12"]
[SourceVersion "1"]
[SourceVersionDate "2017.12.12"]
[SourceQuality "1"]

1. d4 Nf6 2. c4 g6 3. Nc3 Bg7 4. e4 d6 5. f3 0-0 6. Be3 c5 7. d5 e5 8. Bd3 Na6 9. Nge2 Rb8 10. Qd2 Nc7 11. Bg5 Bd7 12. 0-0 a6 13. Rf2 b5 14. Raf1 bxc4 15. Bxc4 Qc8 16. a4 h5 17. h3 Qe8 18. b3 Nh7 19. Be3 Qe7 20. Nc1 f5 21. exf5 gxf5 22. f4 Kh8 23. fxe5 Qxe5 24. N1e2 Rbe8 25. Bf4 Qe7 26. Kh1 Be5 27. Bxe5+ Qxe5 28. Qh6 Rg8 29. Qxh5 Rg5 30. Qf3 Reg8 31. Nd1 Be8 32. Qc3 Bd7 33. Qxe5+ dxe5 34. d6 Ne6 35. Ne3 f4 36. Nd5 Rb8 37. Nec3 Rg6 38. Ne4 Kg7 39. Ne7 1-0

[Event "Recife Arraes Memorial 10th"]
[Site "Recife"]
[Date "2017.10.07"]
[Round "4"]
[White "Do Nascimento, Christian Almeida"]
[Black "Picasso Gallego, Nicolas"]
[Result "1-0"]
[WhiteElo "2019"]
[BlackElo "1822"]
[PlyCount "59"]
[EventDate "2017.10.06"]
[EventType "swiss"]
[EventRounds "6"]
[EventCountry "BRA"]
[SourceTitle "CBM 181 Extra"]
[Source "ChessBase"]
[SourceDate "2017.12.12"]
[SourceVersion "1"]
[SourceVersionDate "2017.12.12"]
[SourceQuality "1"]

1. d4 Nf6 2. Nf3 g6 3. Bf4 Bg7 4. e3 d6 5. h3 0-0 6. Nbd2 c5 7. c3 cxd4 8. exd4 Re8 9. Be2 Nbd7 10. 0-0 b6 11. Re1 Bb7 12. Qb3 Qc7 13. Ng5 Rf8 14. Bc4 Qc6 15. Bxf7+ Kh8 16. d5 Nxd5 17. Bxd5 Qxd5 18. Qxd5 Bxd5 19. Rxe7 Rxf4 20. Rxd7 h6 21. Rxd6 Rf5 22. Ngf3 Kh7 23. Re1 Raf8 24. Re7 Bxf3 25. Nxf3 R8f7 26. Rdd7 Rxe7 27. Rxe7 a5 28. Nd4 Re5 29. Ne6 Kh8 30. Re8+ 1-0

[Event "Recife Arraes Memorial 10th"]
[Site "Recife"]
[Date "2017.10.07"]
[Round "3"]
[White "Picasso Gallego, Nicolas"]
[Black "Akasaka, Eduardo"]
[Result "1-0"]
[WhiteElo "1822"]
[BlackElo "1480"]
[PlyCount "121"]
[EventDate "2017.10.06"]
[EventType "swiss"]
[EventRounds "6"]
[EventCountry "BRA"]
[SourceTitle "CBM 181 Extra"]
[Source "ChessBase"]
[SourceDate "2017.12.12"]
[SourceVersion "1"]
[SourceVersionDate "2017.12.12"]
[SourceQuality "1"]

1. d4 Nf6 2. c4 c5 3. d5 b5 4. cxb5 a6 5. bxa6 Bxa6 6. Nc3 d6 7. Nf3 g6 8. g3 Bg7 9. Bg2 0-0 10. 0-0 Nbd7 11. h3 Qb6 12. Re1 Rfb8 13. e4 Nh5 14. Kh2 c4 15. Qc2 Ne5 16. Nxe5 Bxe5 17. Re2 Bc8 18. Be3 Qc7 19. f4 Bh8 20. g4 Ng7 21. Bd4 f6 22. Rae1 e5 23. fxe5 fxe5 24. Be3 Qe7 25. Rf1 Bd7 26. Ref2 Rf8 27. Qe2 Rxf2 28. Rxf2 Rf8 29. Rxf8+ Qxf8 30. Qxc4 h5 31. Qe2 hxg4 32. hxg4 Qd8 33. Kg3 Ne8 34. Qf3 Bf6 35. Bf1 Bh4+ 36. Kg2 Nf6 37. Kg1 Bxg4 38. Qg2 Qd7 39. Be2 Kg7 40. Bxg4 Nxg4 41. Bc1 g5 42. Qf3 Qa7+ 43. Kg2 Nh6 44. Be3 Qd7 45. a4 g4 46. Bxh6+ Kxh6 47. Qf5 Qg7 48. Qe6+ Kg5 49. Qf5+ Kh6 50. Nb5 Qb7 51. Qf8+ Kg5 52. Qf5+ Kh6 53. Qxg4 Bg5 54. Qe6+ Kh5 55. Qxd6 Qg7 56. Kf1 Be3 57. Qa3 Qg1+ 58. Ke2 Qf2+ 59. Kd3 Qd2+ 60. Kc4 Qe2+ 61. Qd3 1-0

[Event "Recife op 4th"]
[Site "Recife"]
[Date "2017.04.23"]
[Round "6"]
[White "Picasso Gallego, Nicolas"]
[Black "Leite, Henrique Bezerra"]
[Result "0-1"]
[WhiteElo "1849"]
[BlackElo "1957"]
[PlyCount "53"]
[EventDate "2017.04.20"]
[EventType "swiss"]
[EventRounds "6"]
[EventCountry "BRA"]
[SourceTitle "EXT 2018"]
[Source "ChessBase"]
[SourceDate "2017.10.13"]
[SourceVersion "1"]
[SourceVersionDate "2017.10.13"]
[SourceQuality "1"]

1. d4 e6 2. c4 c5 3. Nf3 cxd4 4. Nxd4 Nc6 5. e3 Nf6 6. Nc3 Bb4 7. Bd2 0-0 8. Bd3 Ne5 9. Be2 b6 10. Nf3 Ng6 11. 0-0 Bb7 12. a3 Be7 13. Rc1 Rc8 14. Qb3 Ng4 15. h3 N4e5 16. Nxe5 Nxe5 17. Rfd1 f5 18. Nb5 Bc5 19. Bc3 Qg5 20. g3 f4 21. Bxe5 fxg3 22. Bxg3 Rxf2 23. Bg4 Rg2+ 24. Kf1 Rf8+ 25. Ke1 Rxg3 26. Rc3 Rg2 27. Nd6 0-1

[Event "Recife op 4th"]
[Site "Recife"]
[Date "2017.04.20"]
[Round "1"]
[White "Santiago, Yago de Moura"]
[Black "Picasso Gallego, Nicolas"]
[Result "1-0"]
[WhiteElo "2453"]
[BlackElo "1849"]
[PlyCount "45"]
[EventDate "2017.04.20"]
[EventType "swiss"]
[EventRounds "6"]
[EventCountry "BRA"]
[SourceTitle "EXT 2018"]
[Source "ChessBase"]
[SourceDate "2017.10.13"]
[SourceVersion "1"]
[SourceVersionDate "2017.10.13"]
[SourceQuality "1"]

1. d4 Nf6 2. c4 g6 3. Nc3 Bg7 4. e4 d6 5. h3 0-0 6. Bg5 c5 7. d5 h6 8. Be3 e5 9. Bd3 Nbd7 10. Nge2 a6 11. a4 Kh7 12. Ng3 Ng8 13. 0-0 Qh4 14. a5 Qd8 15. Qd2 Ne7 16. Na4 f6 17. b4 f5 18. exf5 gxf5 19. Nh5 e4 20. Nxg7 Kxg7 21. Bxh6+ Kh7 22. Bxf8 Qxf8 23. Be2 1-0

[Event "Recife Arraes Memorial 9th"]
[Site "Recife"]
[Date "2016.10.21"]
[Round "2.6"]
[White "Picasso Gallego, Nicolas"]
[Black "Soares, Alberto M Colares"]
[Result "1/2-1/2"]
[WhiteElo "1867"]
[BlackElo "2123"]
[PlyCount "77"]
[EventDate "2016.10.21"]
[EventType "swiss"]
[EventRounds "6"]
[EventCountry "BRA"]
[SourceTitle "EXT 2022"]
[Source "ChessBase"]
[SourceDate "2021.10.06"]
[SourceVersion "1"]
[SourceVersionDate "2021.10.06"]
[SourceQuality "1"]

1. d4 d6 2. c4 g6 3. e4 Bg7 4. Nf3 Nd7 5. Nc3 e5 6. d5 Ne7 7. Be2 0-0 8. 0-0 f5 9. b4 h6 10. Bb2 f4 11. Qb3 Kh8 12. h3 g5 13. Nh2 Nf6 14. c5 Bd7 15. f3 h5 16. cxd6 cxd6 17. a4 Rg8 18. a5 Bh6 19. Nb5 Bxb5 20. Bxb5 g4 21. hxg4 hxg4 22. Nxg4 Nxg4 23. fxg4 Rxg4 24. Qh3 Rg6 25. Rxf4 Kg7 26. Rh4 Qc8 27. Bd7 Qc2 28. Bc3 Rf8 29. Re1 Qf2+ 30. Kh1 Rf4 31. Rg4 Rfxg4 32. Bxg4 Bf4 33. g3 Qxg3 34. Rg1 Qf2 35. Rg2 Qf1+ 36. Rg1 Qxh3+ 37. Bxh3 Rxg1+ 38. Kxg1 Be3+ 39. Kf1 1/2-1/2

[Event "Joao Pessoa Fischer Memorial 7th"]
[Site "Joao Pessoa"]
[Date "2016.03.13"]
[Round "6"]
[White "De Araujo, Antonio Jose"]
[Black "Picasso Gallego, Nicolas"]
[Result "0-1"]
[WhiteElo "1640"]
[BlackElo "1867"]
[PlyCount "68"]
[EventDate "2016.03.11"]
[EventType "swiss"]
[EventRounds "6"]
[EventCountry "BRA"]
[SourceTitle "CBM 171 Extra"]
[Source "ChessBase"]
[SourceDate "2016.04.26"]
[SourceVersion "1"]
[SourceVersionDate "2016.04.26"]
[SourceQuality "1"]

1. Nf3 Nf6 2. g3 g6 3. Bg2 Bg7 4. 0-0 0-0 5. d4 d5 6. c3 c6 7. Bg5 h6 8. Bxf6 exf6 9. Nbd2 Re8 10. Re1 f5 11. e3 Nd7 12. Nb3 b6 13. Nc1 Bb7 14. Nd3 Qc7 15. Rc1 a5 16. c4 Qd6 17. cxd5 cxd5 18. Re2 Rec8 19. Rxc8+ Rxc8 20. Rc2 Rxc2 21. Qxc2 f6 22. Qb3 Kh7 23. Nh4 Ba6 24. Nf4 Qc6 25. Qc3 Qxc3 26. bxc3 g5 27. Nxf5 gxf4 28. Nxg7 Kxg7 29. gxf4 Bc4 30. a3 b5 31. Bh3 Nb6 32. Be6 Na4 33. e4 dxe4 34. Bxc4 bxc4 0-1

[Event "Recife Regiao op"]
[Site "Recife"]
[Date "2014.10.31"]
[Round "4"]
[White "Barata, Adriano Albiani"]
[Black "Picasso Gallego, Nicolas"]
[Result "1-0"]
[WhiteElo "2171"]
[BlackElo "1891"]
[PlyCount "60"]
[EventDate "2014.10.30"]
[EventType "swiss"]
[EventRounds "7"]
[EventCountry "BRA"]
[SourceTitle "EXT 2015"]
[Source "ChessBase"]
[SourceDate "2014.11.20"]
[SourceVersion "1"]
[SourceVersionDate "2014.11.20"]
[SourceQuality "1"]

1. Nf3 Nf6 2. c4 g6 3. Nc3 d6 4. e4 Bg7 5. d4 c6 6. Be2 0-0 7. 0-0 h6 8. h3 Qc7 9. Be3 e5 10. Qd2 Kh7 11. Rfd1 Nbd7 12. Rac1 a6 13. b4 b6 14. Qb2 Rb8 15. a3 Re8 16. dxe5 dxe5 17. Qd2 Bb7 18. Qc2 Rbd8 19. Qb3 c5 20. Nd2 Bc6 21. b5 Bb7 22. Nd5 Nxd5 23. cxd5 a5 24. Nc4 Rf8 25. f3 f5 26. Bd3 f4 27. Bd2 Rde8 28. Bc3 Qd8 29. Nd6 Re7 30. Nxb7 Qc7 1-0